| 000 | 00441nam a2200181Ia 4500 | ||
|---|---|---|---|
| 001 | 13282 | ||
| 005 | 20260306164749.0 | ||
| 008 | 260306t2009||||xx |||||||||||||| ||spa|| | ||
| 041 | _aESP | ||
| 082 |
_a001.42 _bI63 T. 1 |
||
| 100 |
_aUniversidad Politécnica Salesiana _eAUT |
||
| 245 | 0 | _aInvestigación, ciencia y tecnología | |
| 260 | _c2009 | ||
| 300 |
_a _c23 cm. |
||
| 650 | _aGEN | ||
| 654 | _aCHU | ||
| 942 |
_cLIB _dJUS _fJUS _2ddc _n |
||
| 999 |
_c13282 _d13282 |
||